00525nam a2200181 a 45000010010000000030011000100080041000210350026000620820014000881000016001022450025001182600039001436500024001829420012002069520090002189980020003089990015003280000-9229ELIB.Books110520 1961  a(ELIB.Books)0000-9381 a268 bCox aCox, Norman aWe Southern Baptists bNashville: Convention Press c1961 aChristian Education 2ddccBK 00102ddc4070aKBTSbKBTSd2011-05-20l0p2759r2022-01-22 00:00:00w2022-01-22yBK cbate2011-05-20 c9229d9229